[Event " "]
[Site "Migné-Auxances"]
[Date "18.??.??"]
[Round "9.6"]
[White "Demarre, Jacques"]
[Black "Tranchant, Sebastien"]
[Result "0-1"]
[WhiteElo "2217"]
[BlackElo "2209"]
[PlyCount "81"]
[EventDate "18.??.??"]
[WhiteTeam "Issy les Moulineaux"]

1. e4 c5 2. c3 g6 3. d4 cxd4 4. cxd4 d5 5. e5 Bg7 6. Nc3 Nc6 7. Be2 f6 8. exf6
exf6 9. Bf3 Be6 10. Nge2 Nge7 11. O-O O-O 12. Nf4 Bf7 13. Be3 g5 14. Nh5 h6 15.
Nxg7 Kxg7 16. h4 Qd7 17. Re1 Rad8 18. Qd2 Ng6 19. g3 Rh8 20. Kg2 Be6 21. Rh1 g4
22. Bd1 h5 23. Ne2 Bf5 24. Bc2 Qe6 25. Rhe1 Be4+ 26. Kh2 Rhe8 27. Nc3 Qf5 28.
Nxe4 dxe4 29. Qc3 Rd7 30. Rad1 Kh7 31. Rf1 Nge7 32. Rde1 Nd5 33. Qd2 Nc7 34.
Qe2 Nd5 35. f3 gxf3 36. Rxf3 Qg4 37. Qf2 Kh8 38. Rxf6 Nxf6 39. Qxf6+ Qg7 40.
Qf5 Qh7 41. Qc5 0-1

[Event " "]
[Site "Migné-Auxances"]
[Date "18.??.??"]
[Round "9.7"]
[White "Flament, Alexandre"]
[Black "Launiau, Severin"]
[Result "0-1"]
[WhiteElo "2092"]
[BlackElo "2153"]
[PlyCount "100"]
[EventDate "18.??.??"]
[WhiteTeam "Niort"]
[BlackTeam "Issy les Moulineaux"]

1. d4 Nf6 2. Nf3 e6 3. e3 b6 4. Bd3 Bb7 5. Nbd2 d5 6. b3 Bd6 7. Bb2 O-O 8. Ne5
Ne4 9. Qh5 Nd7 10. Nxd7 Qxd7 11. O-O g6 12. Qe2 Nxd2 13. Qxd2 Rfe8 14. f4 Rac8
15. Rad1 f5 16. c4 $11 dxc4 17. bxc4 Bf8 18. Bc2 Bg7 19. Bb3 c5 20. Rfe1 Red8
21. Qe2 Qc7 22. Rf1 Be4 23. Rd2 Rd7 24. dxc5 Rxd2 25. Qxd2 Rd8 26. Qf2 Bxb2 27.
cxb6 Qxb6 28. c5 Qxc5 29. Bxe6+ Kf8 30. Qxb2 Qxe3+ 31. Qf2 Qxf2+ 32. Rxf2 $11
Rd1+ 33. Rf1 Rd4 34. Rf2 Ke7 35. Bb3 a5 36. Rf1 Rd2 37. Rf2 Rd4 38. Rf1 a4 39.
Bg8 h6 40. Rf2 Rd1+ 41. Rf1 Rxf1+ 42. Kxf1 Kd6 43. Bf7 Bd5 44. Bxg6 Bxa2 45.
Bxf5 a3 46. Kf2 Kc5 47. g4 Kd4 48. Kg3 Kc3 49. Kh4 Bf7 50. g5 hxg5+ 0-1

[Event " "]
[Site "Migné-Auxances"]
[Date "18.??.??"]
[Round "9.8"]
[White "Baldi, Elise"]
[Black "Marchais, Aurelie"]
[Result "1-0"]
[WhiteElo "1800"]
[BlackElo "1776"]
[PlyCount "53"]
[EventDate "18.??.??"]
[WhiteTeam "Issy les Moulineaux"]

1. d4 d5 2. c4 e6 3. Nc3 Nf6 4. Bg5 Be7 5. Nf3 c6 6. e3 O-O 7. Qc2 Nbd7 8. Bd3
Re8 9. O-O g6 10. Bh6 Bf8 11. Bxf8 Rxf8 12. e4 dxe4 13. Nxe4 Nxe4 14. Bxe4 Nf6
15. Rfe1 Qc7 16. Qd2 Kg7 17. Ne5 c5 18. Rad1 Rb8 19. Re3 Nxe4 20. Rxe4 f6 21.
Nf3 Rd8 22. d5 exd5 23. cxd5 Bf5 24. Re3 Re8 25. Rde1 Kf7 26. d6 Qc6 27. Re7+
1-0

[Event " "]
[Site "Migné-Auxances"]
[Date "18.??.??"]
[Round "9.1"]
[White "Inkiov, Ventzislav"]
[Black "Debray, Christopher"]
[Result "1-0"]
[WhiteElo "2510"]
[BlackElo "2278"]
[PlyCount "103"]
[EventDate "18.??.??"]
[WhiteTeam "Migné-Auxances"]
[BlackTeam "Evry Grand Roque II"]

1. e4 e5 2. Bc4 d6 3. d4 Nd7 4. Nf3 c6 5. dxe5 dxe5 6. Ng5 Nh6 7. O-O Bc5 8.
Qh5 Qe7 9. Ne6 Nf6 10. Nxg7+ Kd8 11. Qxh6 Ng4 12. Qg5 f6 13. Qd2+ Kc7 14. Nf5
Bxf5 15. exf5 Bxf2+ 16. Kh1 Bg3 17. hxg3 Qe8 18. Kg1 Qh5 19. Rf2 Rad8 20. Bd3
e4 21. Qf4+ Kc8 22. Qxg4 Qxg4 23. Be2 Qxg3 24. Bf4 Qg7 25. Nc3 e3 26. Bxe3 Kb8
27. Ne4 h5 28. Nc5 Qe7 29. Bf4+ Ka8 30. Ne6 Rd7 31. c3 h4 32. Bg4 Rg8 33. Bh3
a6 34. Re1 Qh7 35. Rfe2 Qh5 36. Nc5 Rd1 37. Kh2 Rgd8 38. a4 Rxe1 39. Rxe1 Rd1
40. Re4 Ra1 41. Nd7 a5 42. Bg4 Qf7 43. Rd4 Qe7 44. Nb6+ Ka7 45. Nc8+ Ka6 46.
Nxe7 Ra2 47. Be2+ b5 48. Bd6 Ra1 49. Ba3 Kb6 50. Bf3 c5 51. Nd5+ Ka6 52. Be2
1-0

[Event " "]
[Site "Migné-Auxances"]
[Date "18.??.??"]
[Round "9.2"]
[White "Roumegous, Marina"]
[Black "Bojkov, Dejan"]
[Result "0-1"]
[WhiteElo "2206"]
[BlackElo "2474"]
[PlyCount "70"]
[EventDate "18.??.??"]
[WhiteTeam "Evry Grand Roque II"]

1. d4 Nf6 2. Bg5 e6 3. Nd2 h6 4. Bh4 c5 5. e3 Nc6 6. c3 cxd4 7. exd4 Be7 8.
Ngf3 b6 9. Bd3 Bb7 10. Bxf6 Bxf6 11. Qe2 Be7 12. O-O O-O 13. a4 Re8 14. Ne5
Nxe5 15. dxe5 d6 16. exd6 Qxd6 17. Be4 Bxe4 18. Nxe4 Qc6 19. Nd2 Red8 20. Nf3
Bf6 21. h3 Rd5 22. Rfd1 Rad8 23. Rxd5 Rxd5 24. Qc2 Qd6 25. Re1 a5 26. Re2 Bg5
27. g3 Rd1+ 28. Re1 Rd3 29. Ne5 Rd5 30. Nc4 Qc7 31. Qb3 Rf5 32. Re2 Qd7 33. Re1
Be7 34. Re2 Bc5 35. Nd2 Qd3 0-1

[Event " "]
[Site "Migné-Auxances"]
[Date "18.??.??"]
[Round "9.3"]
[White "Bedouin, Xavier"]
[Black "Guillon, Cyril"]
[Result "0-1"]
[WhiteElo "2338"]
[BlackElo "2217"]
[PlyCount "62"]
[EventDate "18.??.??"]
[WhiteTeam "Migné-Auxances"]
[BlackTeam "Evry Grand Roque II"]

1. e4 c5 2. Nf3 Nc6 3. d4 cxd4 4. Nxd4 Nf6 5. Nc3 e5 6. Ndb5 d6 7. Bg5 a6 8.
Na3 b5 9. Bxf6 gxf6 10. Nd5 f5 11. Bd3 Be6 12. O-O f4 13. c4 Rg8 14. cxb5 Nd4
15. bxa6 Bxd5 16. exd5 Qh4 17. f3 Be7 $11 18. Nb5 Nxb5 19. Bxb5+ Kf8 $18 20.
Rc1 Rg6 21. Qd3 Bd8 22. Rc6 Rh6 23. h3 Qg5 24. Rf2 Rxh3 25. Rxd6 Qg3 26. Rc6 $6
Bh4 27. Qc2 e4 $6 28. Rh6 $6 Qh2+ 29. Kf1 Qh1+ 30. Ke2 Bxf2 31. Qxe4 Qe1+ 0-1

[Event " "]
[Site "Migné-Auxances"]
[Date "18.??.??"]
[Round "9.4"]
[White "Baumhauer, Christian"]
[Black "Picard, Romain"]
[Result "0-1"]
[WhiteElo "2046"]
[BlackElo "2324"]
[PlyCount "106"]
[EventDate "18.??.??"]
[WhiteTeam "Evry Grand Roque II"]

1. d4 Nf6 2. c4 g6 3. Nc3 d5 4. cxd5 Nxd5 5. Nf3 Bg7 6. Bd2 Nb6 7. e3 O-O 8.
Be2 Nc6 9. O-O Be6 10. b3 h6 11. Rc1 f5 12. Bb5 Nb4 13. Na4 Nxa4 14. Bxb4 Nb6
15. Qc2 c6 16. Be2 a5 17. Bc5 Nd5 18. a4 Kh7 19. h4 Qc7 20. Bd3 Kh8 21. Rfe1
Rae8 22. Bc4 Qb8 23. Qe2 Qd8 24. Red1 Bc8 25. Ne5 Bxe5 26. dxe5 Be6 27. g3 Qc8
28. Qd2 b6 29. Ba3 Kh7 30. Bb5 c5 31. Bxe8 Qxe8 32. Qd3 Kg7 33. e4 fxe4 34.
Qxe4 Qf7 35. Rd2 Qf3 36. Qd3 Qg4 37. Qe2 Rf3 38. Rc4 Nf4 39. Rxf4 Rxf4 40. Qxg4
Rxg4 41. Rd3 Re4 42. f4 Re1+ 43. Kf2 Rb1 44. Rc3 Rxb3 45. Rxb3 Bxb3 46. Ke3 h5
47. Ke4 e6 48. Kd3 Kf7 49. Bc1 Ke7 50. Bd2 Kd7 51. Kc3 Bxa4 52. Be1 Bb5 53. Kd2
Bf1 0-1

[Event " "]
[Site "Migné-Auxances"]
[Date "18.??.??"]
[Round "9.5"]
[White "Picard, Clement"]
[Black "Guyard, Rodolphe"]
[Result "1/2-1/2"]
[WhiteElo "2161"]
[BlackElo "2135"]
[PlyCount "34"]
[EventDate "18.??.??"]
[WhiteTeam "Migné-Auxances"]
[BlackTeam "Evry Grand Roque II"]

1. e4 c5 2. Nc3 Nc6 3. g3 g6 4. Bg2 Bg7 5. d3 Rb8 6. Be3 d6 7. Qd2 b5 8. Nge2
b4 9. Nd1 h5 10. h3 Qb6 11. O-O e6 12. Kh2 Nge7 13. Ng1 a5 14. Nf3 Bd7 15. a3
Nd4 16. Ne1 Nec6 17. Rh1 Qc7 1/2-1/2

[Event " "]
[Site "Migné-Auxances"]
[Date "18.??.??"]
[Round "9.7"]
[White "Saada, Julien"]
[Black "Groz, Jacky"]
[Result "1/2-1/2"]
[WhiteElo "2246"]
[BlackElo "2083"]
[PlyCount "99"]
[EventDate "18.??.??"]
[WhiteTeam "Migné-Auxances"]
[BlackTeam "Evry Grand Roque II"]

1. d4 Nf6 2. Bg5 e6 3. e4 h6 4. Bxf6 Qxf6 5. c3 e5 6. dxe5 Qxe5 7. Bd3 Bc5 8.
Nf3 Qe7 9. Nbd2 d6 10. Qe2 Nc6 11. Nc4 Bg4 12. Ne3 Bxe3 13. Qxe3 Bxf3 14. gxf3
Ne5 15. f4 Nxd3+ 16. Qxd3 O-O-O 17. O-O-O Qh4 18. Qg3 Qxg3 19. hxg3 Rde8 20. f3
h5 21. Rh2 g6 22. Kd2 Rhf8 23. Re1 f5 24. exf5 Rxe1 25. Kxe1 Rxf5 26. Ke2 Kd7
27. Ke3 Rf7 28. g4 Re7+ 29. Kf2 hxg4 30. fxg4 d5 31. Kf3 c5 32. Re2 Rf7 33. Re5
Kd6 34. Re8 a6 35. g5 Rg7 36. Kg4 d4 37. Re1 d3 38. c4 b5 39. b3 Rd7 40. f5
gxf5+ 41. Kxf5 d2 42. Rd1 Ke7 43. Ke4 Kf7 44. cxb5 axb5 45. Ke3 Rd5 46. Rxd2
Rxg5 47. a4 Rg3+ 48. Ke4 Rxb3 49. axb5 Rxb5 50. Kd5 1/2-1/2

[Event " "]
[Site "Migné-Auxances"]
[Date "18.??.??"]
[Round "9.8"]
[White "Forget, Cyril"]
[Black "Boulan, Laura"]
[Result "1-0"]
[WhiteElo "1910"]
[BlackElo "1937"]
[PlyCount "83"]
[EventDate "18.??.??"]
[WhiteTeam "Evry Grand Roque II"]

1. e4 e5 2. Nf3 Nc6 3. Bb5 d6 4. d4 exd4 5. Nxd4 Bd7 6. Bxc6 bxc6 7. Qf3 Ne7 8.
Bg5 h6 9. Bh4 Qc8 10. h3 Ng6 11. Bg3 Be7 12. Nc3 O-O 13. Nf5 Bxf5 14. exf5 Nh4
15. Bxh4 Bxh4 16. O-O d5 17. Rad1 Re8 18. b3 Be7 19. Rd3 Bd6 20. Nd1 Rb8 21.
Ne3 Rb4 22. c4 Qa6 23. Rd2 Qa5 24. Rc2 d4 25. Qxc6 Rbb8 26. Qd5 Bc5 27. Ng4
Rbd8 28. Qc6 d3 29. Rcc1 d2 30. Rcd1 Re1 31. f6 h5 32. Ne3 Bxe3 33. fxe3 Rxe3
34. fxg7 Re6 35. Qf3 Qc5+ 36. Kh1 Rd7 37. Rxd2 Rde7 38. Rd8+ Kxg7 39. Qa8 Rg6
40. h4 f5 41. Rg8+ Kf6 42. Qf8+ 1-0

[Event " "]
[Site "Clichy II"]
[Date "31.??.??"]
[Round "10.1"]
[White "Todorov, Todor"]
[Black "Roser, Kevin"]
[Result "1/2-1/2"]
[WhiteElo "2499"]
[BlackElo "2405"]
[PlyCount "43"]
[EventDate "31.??.??"]
[WhiteTeam "Bois-Colombes"]
[BlackTeam "Issy les Moulineaux"]

1. e4 c5 2. b3 d6 3. Bb2 Nf6 4. Nc3 Nc6 5. f4 g6 6. Bb5 Bd7 7. Nf3 Bg7 8. Qe2
O-O 9. Nd1 a6 10. Bxc6 Bxc6 11. d3 b5 12. O-O a5 13. e5 Nd5 14. g3 dxe5 15.
Bxe5 Bxe5 16. Nxe5 Bb7 17. a4 b4 18. h4 Qc7 19. Nf2 Nc3 20. Qg4 Bc8 21. Qf3 Bb7
22. Qg4 1/2-1/2

[Event " "]
[Site "Clichy II"]
[Date "31.??.??"]
[Round "10.2"]
[White "Wittmann, Marc"]
[Black "Kozakov, Mikhail"]
[Result "1/2-1/2"]
[WhiteElo "2250"]
[BlackElo "2415"]
[PlyCount "93"]
[EventDate "31.??.??"]
[WhiteTeam "Issy les Moulineaux"]

1. e4 e5 2. Nf3 Nc6 3. Bc4 Nf6 4. d4 exd4 5. O-O Nxe4 6. Re1 d5 7. Bxd5 Qxd5 8.
Nc3 Qa5 9. Nxe4 Be6 10. Neg5 O-O-O 11. Nxe6 fxe6 12. Rxe6 Qd5 13. Qe2 h6 14.
Bd2 Bc5 15. a3 Rhf8 16. c4 dxc3 17. Bxc3 g5 18. Qe4 Rf4 19. Qxd5 Rxd5 20. Rxh6
g4 21. Rh8+ Nd8 22. Ne5 Bxf2+ 23. Kh1 Bd4 24. Ng6 Re4 25. Rh7 Bxc3 26. bxc3 Rd7
27. Rxd7 Kxd7 28. Rd1+ Kc6 29. Kg1 Ne6 30. Kf2 b5 31. h4 gxh3 32. gxh3 Kc5 33.
Re1 Rxe1 34. Kxe1 Kc4 35. Kd2 Kb3 36. h4 Kxa3 37. h5 Kb2 38. h6 Ng5 39. Nf4 Nh7
40. Ne6 c6 41. Nd4 a5 42. Nxc6 a4 43. Kd3 a3 44. Nb4 a2 45. Nxa2 Kxa2 46. Kd4
Kb3 47. Kc5 1/2-1/2

[Event " "]
[Site "Clichy II"]
[Date "31.??.??"]
[Round "10.3"]
[White "Vuilleumier, Alexandre"]
[Black "Geffroy, Laurent"]
[Result "1/2-1/2"]
[WhiteElo "2343"]
[BlackElo "2241"]
[PlyCount "75"]
[EventDate "31.??.??"]
[WhiteTeam "Bois-Colombes"]
[BlackTeam "Issy les Moulineaux"]

1. d4 d5 2. c4 c6 3. cxd5 cxd5 4. Nc3 Nf6 5. Nf3 Nc6 6. Bf4 a6 7. e3 e6 8. Bd3
Be7 9. O-O Nd7 10. e4 dxe4 11. Nxe4 Nf6 12. Nc5 Nxd4 13. Nxb7 Nxf3+ 14. Qxf3
Qd5 15. Nd6+ Bxd6 16. Qxd5 Nxd5 17. Bxd6 Kd7 18. Be5 f6 19. Bg3 Bb7 20. Rac1 h6
21. b4 Rhc8 22. a3 Rc3 23. Rxc3 Nxc3 24. Rc1 Rc8 25. Ra1 Ne4 26. Bf4 e5 27. Be3
Rc3 28. Bf1 f5 29. a4 f4 30. Bb6 Nd6 31. Rd1 Ke6 32. Be2 f3 33. gxf3 Nf5 34.
Rd3 Rc1+ 35. Rd1 Rc3 36. Be3 Nh4 37. f4 Nf3+ 38. Bxf3 1/2-1/2

[Event " "]
[Site "Clichy II"]
[Date "31.??.??"]
[Round "10.4"]
[White "Houhou, Olivier"]
[Black "Shoker, Samy"]
[Result "1/2-1/2"]
[WhiteElo "2305"]
[BlackElo "2330"]
[PlyCount "40"]
[EventDate "31.??.??"]
[WhiteTeam "Issy les Moulineaux"]

1. e4 g6 2. d4 Bg7 3. Nc3 d6 4. Be3 a6 5. Nf3 Nd7 6. Bd3 b6 7. Qd2 Bb7 8. O-O
e6 9. Rad1 h6 10. Rfe1 Ne7 11. b4 g5 12. h3 Ng6 13. Ne2 O-O 14. Ng3 f5 15. exf5
Bxf3 16. fxg6 Bxd1 17. Qxd1 Nf6 18. Nh5 Nd5 19. Qg4 Nxb4 20. Qxe6+ Kh8 1/2-1/2

[Event " "]
[Site "Clichy II"]
[Date "31.??.??"]
[Round "10.5"]
[White "Chomet, Pascal"]
[Black "Emmenecker, Philippe"]
[Result "1/2-1/2"]
[WhiteElo "2356"]
[BlackElo "2205"]
[PlyCount "44"]
[EventDate "31.??.??"]
[WhiteTeam "Bois-Colombes"]
[BlackTeam "Issy les Moulineaux"]

1. e4 c5 2. Nc3 Nc6 3. Nf3 Nf6 4. Be2 g6 5. d4 cxd4 6. Nxd4 Bg7 7. Nb3 O-O 8.
O-O d6 9. Bg5 h6 10. Bh4 Be6 11. f4 b5 12. Bf3 Rc8 13. Bf2 a6 14. Nd5 Nd7 15.
c3 a5 16. Qe2 a4 17. Nc1 b4 18. cxb4 Bxd5 19. exd5 Nxb4 20. Qe4 Nc2 21. Rb1 a3
22. b3 f5 1/2-1/2

[Event " "]
[Site "Clichy II"]
[Date "31.??.??"]
[Round "10.6"]
[White "Aveline, Philippe"]
[Black "Dumitran, Octavian"]
[Result "1/2-1/2"]
[WhiteElo "2163"]
[BlackElo "2258"]
[PlyCount "49"]
[EventDate "31.??.??"]
[WhiteTeam "Issy les Moulineaux"]

1. e4 c5 2. c3 e6 3. d4 b6 4. Nf3 Bb7 5. Bd3 Nf6 6. Qe2 cxd4 7. cxd4 Nc6 8. a3
Rc8 9. O-O Na5 10. Nbd2 Be7 11. Re1 O-O 12. h3 Rc7 13. b4 Nc6 14. Nb3 Qa8 15.
e5 Nd5 16. Ng5 Bxg5 17. Bxg5 Nce7 18. Nd2 Ng6 19. Qg4 f5 20. exf6 Nxf6 21. Bxf6
Rxf6 22. Ne4 Rf4 23. Qg3 Bxe4 24. Bxe4 Qf8 25. d5 1/2-1/2

[Event " "]
[Site "Clichy II"]
[Date "31.??.??"]
[Round "10.7"]
[White "Guichard, Pauline"]
[Black "Demarre, Jacques"]
[Result "1-0"]
[WhiteElo "2291"]
[BlackElo "2217"]
[PlyCount "41"]
[EventDate "31.??.??"]
[WhiteTeam "Bois-Colombes"]
[BlackTeam "Issy les Moulineaux"]

1. d4 Nf6 2. c4 g6 3. Nc3 Bg7 4. e4 d6 5. Be2 O-O 6. Bg5 c5 7. d5 a6 8. a4 Qa5
9. Qd2 e6 10. Nf3 exd5 11. exd5 Re8 12. O-O Bg4 13. Rfe1 Nbd7 14. Bf4 Qc7 15.
h3 Bxf3 16. Bxf3 Rxe1+ 17. Rxe1 Re8 18. Rxe8+ Nxe8 19. Ne4 Ne5 20. Be2 Nxc4 21.
Bxc4 1-0

[Event " "]
[Site "Clichy II"]
[Date "31.??.??"]
[Round "10.8"]
[White "Baldi, Elise"]
[Black "Bremond, Eric"]
[Result "0-1"]
[WhiteElo "1780"]
[BlackElo "2233"]
[PlyCount "32"]
[EventDate "31.??.??"]
[WhiteTeam "Issy les Moulineaux"]

1. d4 Nf6 2. c4 c5 3. d5 b5 4. cxb5 a6 5. bxa6 Bxa6 6. Nc3 d6 7. g3 g6 8. Bg2
Bg7 9. e4 O-O 10. Nge2 Nbd7 11. O-O Ne5 12. f4 Nd3 13. Qd2 Qb6 14. Rd1 Ng4 15.
Na4 Qa7 16. Nec3 Bd4+ 0-1

[Event " "]
[Site "Clichy II"]
[Date "31.??.??"]
[Round "10.1"]
[White "Tirard, Hugo"]
[Black "Debray, Christopher"]
[Result "1-0"]
[WhiteElo "2471"]
[BlackElo "2302"]
[PlyCount "105"]
[EventDate "31.??.??"]
[WhiteTeam "Deauville"]
[BlackTeam "Evry Grand Roque II"]

1. e4 e5 2. Nf3 d6 3. d4 Nd7 4. Nc3 c6 5. a4 Be7 6. Bc4 Ngf6 7. O-O h6 8. Qe2
Qc7 9. Ba2 g5 10. dxe5 dxe5 11. Qc4 Rh7 12. Nd5 Nxd5 13. exd5 Nb6 14. Qd3 f5
15. dxc6 e4 16. Qb3 Rg7 17. Nd4 Qe5 18. cxb7 Bxb7 19. Ne6 Rh7 20. Nc5 Bd5 21.
Qb5+ Kf7 22. Nd7 Qe6 23. Nxb6 Bxa2 24. Nxa8 Bc4 25. Qb7 Kg6 26. Nc7 Qd7 27. Re1
Bd8 28. Qxa7 Bxc7 29. Qc5 Ba6 30. Be3 f4 31. Rad1 Qe6 32. Bc1 Bb7 33. Qb5 f3
34. g3 Qh3 35. Qf1 Qe6 36. b3 h5 37. Qb5 Be5 38. Rd8 h4 39. Re8 Qh3 40. Rg8+
Bg7 41. Qf1 Qe6 42. Rb8 Bf6 43. Be3 hxg3 44. fxg3 Be5 45. Rd8 Bc7 46. Rdd1 Qg4
47. Bf2 Bc8 48. Qc4 Qh3 49. Qxe4+ Bf5 50. Qc6+ Kh5 51. Qxf3+ Kh6 52. Qc6+ Kh5
53. Qg2 1-0

[Event " "]
[Site "Clichy II"]
[Date "31.??.??"]
[Round "10.2"]
[White "Roumegous, Marina"]
[Black "Colin, Vincent"]
[Result "1-0"]
[WhiteElo "2211"]
[BlackElo "2437"]
[PlyCount "73"]
[EventDate "31.??.??"]
[WhiteTeam "Evry Grand Roque II"]

1. d4 Nf6 2. Bg5 Ne4 3. Bf4 d6 4. Nd2 Nf6 5. e4 c6 6. Bd3 Nbd7 7. Ngf3 g6 8. h3
Bg7 9. O-O O-O 10. Qe2 Nh5 11. Be3 e5 12. dxe5 dxe5 13. Nc4 Qe7 14. Qd2 Rd8 15.
Rad1 Nf8 16. Rfe1 Be6 17. Qc1 Qc7 18. Bf1 b5 19. Ncd2 Nf6 20. a3 Rac8 21. b4 a5
22. c4 axb4 23. cxb5 bxa3 24. b6 Qe7 25. Bc5 Qb7 26. Qxa3 N8d7 27. Ba6 Qb8 28.
b7 Rc7 29. Bd6 Nb6 30. Nf1 Rxd6 31. Rxd6 Rxb7 32. Rxc6 Ra7 33. Rb1 Nfd7 34. Qa5
Nc4 35. Rxb8+ Nxb8 36. Qd8+ Bf8 37. Qxb8 1-0

[Event " "]
[Site "Clichy II"]
[Date "31.??.??"]
[Round "10.3"]
[White "Geenen, Marc"]
[Black "Guillon, Cyril"]
[Result "1-0"]
[WhiteElo "2317"]
[BlackElo "2219"]
[PlyCount "39"]
[EventDate "31.??.??"]
[WhiteTeam "Deauville"]
[BlackTeam "Evry Grand Roque II"]

1. e4 c5 2. Nf3 Nc6 3. d4 cxd4 4. Nxd4 Nf6 5. Nc3 e5 6. Ndb5 d6 7. Bg5 a6 8.
Na3 b5 9. Bxf6 gxf6 10. Nd5 f5 11. Bd3 Be6 12. O-O f4 13. c4 b4 14. Qa4 Bd7 15.
Nb5 Qh4 16. Nbc7+ Kd8 17. Nxa8 Rg8 18. f3 Rg6 19. Qxa6 Be7 20. Nab6 1-0

[Event " "]
[Site "Clichy II"]
[Date "31.??.??"]
[Round "10.4"]
[White "Baumhauer, Christian"]
[Black "Godard, Maxence"]
[Result "0-1"]
[WhiteElo "2045"]
[BlackElo "2306"]
[PlyCount "116"]
[EventDate "31.??.??"]
[WhiteTeam "Evry Grand Roque II"]

1. d4 Nf6 2. Nf3 e6 3. c4 b6 4. a3 Bb7 5. Nc3 d5 6. Bg5 Be7 7. e3 Nbd7 8. Rc1
O-O 9. cxd5 Nxd5 10. Bxe7 Nxe7 11. Bd3 c5 12. Bb1 cxd4 13. Qxd4 Nf6 14. O-O
Bxf3 15. Qxd8 Rfxd8 16. gxf3 Kf8 17. Rfd1 Rxd1+ 18. Rxd1 Nc6 19. Kf1 Ke7 20.
Ke2 Ne5 21. Ba2 Ne8 22. f4 Nd7 23. f3 Rc8 24. e4 Nd6 25. Rd4 Nb8 26. e5 Nf5 27.
Ra4 a5 28. Bb1 Nh4 29. Bd3 Nd7 30. Bb5 Nf5 31. Kd2 Nc5 32. Rc4 Rd8+ 33. Ke2
Nd4+ 34. Ke3 Nxb5 35. Nxb5 Rd3+ 36. Ke2 Rb3 37. Nd6 Rxb2+ 38. Ke3 Rb3+ 39. Ke2
Rxa3 40. Rd4 Rb3 41. Nc8+ Ke8 42. Nd6+ Kf8 43. f5 Rb4 44. Rxb4 axb4 45. fxe6
fxe6 46. Kd2 g5 47. Nc4 b5 48. Nd6 Nd7 49. Nxb5 Nxe5 50. Nd4 Ke7 51. Ke3 Kd6
52. Ke4 Nc6 53. Nb3 e5 54. Nd2 Kc5 55. h3 h6 56. Kd3 Kd5 57. Ne4 Nd4 58. Nd2
Ne6 0-1

[Event " "]
[Site "Clichy II"]
[Date "31.??.??"]
[Round "10.5"]
[White "Coursaget, Nicolas"]
[Black "Guyard, Rodolphe"]
[Result "1/2-1/2"]
[WhiteElo "2325"]
[BlackElo "2127"]
[PlyCount "59"]
[EventDate "31.??.??"]
[WhiteTeam "Deauville"]
[BlackTeam "Evry Grand Roque II"]

1. d4 e6 2. c4 b6 3. Nc3 Bb4 4. Qb3 Qe7 5. a3 Bxc3+ 6. Qxc3 Bb7 7. Qg3 Nf6 8.
Qxc7 Ba6 9. Bf4 Nc6 10. Bd6 Qd8 11. Qxd8+ Rxd8 12. e3 Na5 13. c5 Bxf1 14. Kxf1
Nb3 15. Rd1 Ne4 16. Rd3 Nc1 17. Rd1 Nb3 18. Ne2 Nbd2+ 19. Ke1 Nc4 20. Nc3 Nexd6
21. cxd6 Nxd6 22. Ke2 Rc8 23. Rc1 Ke7 24. Rc2 Rc6 25. d5 Rc5 26. Rhc1 Rhc8 27.
Kd3 f5 28. f3 e5 29. e4 fxe4+ 30. fxe4 1/2-1/2

[Event " "]
[Site "Clichy II"]
[Date "31.??.??"]
[Round "10.6"]
[White "Roumegous, Etienne"]
[Black "Fruteau, Sabine"]
[Result "0-1"]
[WhiteElo "2116"]
[BlackElo "2152"]
[PlyCount "76"]
[EventDate "31.??.??"]
[WhiteTeam "Evry Grand Roque II"]

1. d4 Nf6 2. c4 e6 3. Nc3 d5 4. Bg5 Be7 5. cxd5 exd5 6. Qc2 c6 7. e3 O-O 8. Nf3
Nbd7 9. Bd3 Re8 10. O-O h6 11. Bf4 Nf8 12. Rab1 Bd6 13. Bxd6 Qxd6 14. b4 b6 15.
Rfc1 Bg4 16. Ne5 Rxe5 17. dxe5 Qxe5 18. Ne2 Bd7 19. Ng3 g6 20. Re1 h5 21. f4
Qd6 22. Qd2 h4 23. Nf1 h3 24. g3 Re8 25. Bc2 Ne4 26. Bxe4 Rxe4 27. Red1 Bg4 28.
Rdc1 Nd7 29. Rb3 Nf6 30. Qc2 Bd7 31. a3 Ng4 32. Rd1 Bf5 33. Qd2 Qe7 34. b5 Bd7
35. bxc6 Bxc6 36. Rc1 Rc4 37. Rd3 Rxc1 38. Qxc1 Qe4 0-1

[Event " "]
[Site "Clichy II"]
[Date "31.??.??"]
[Round "10.7"]
[White "Amoyal, Pierre"]
[Black "Forget, Cyril"]
[Result "1-0"]
[WhiteElo "2171"]
[BlackElo "1901"]
[PlyCount "73"]
[EventDate "31.??.??"]
[WhiteTeam "Deauville"]
[BlackTeam "Evry Grand Roque II"]

1. d4 Nf6 2. c4 e6 3. Nf3 b6 4. a3 Bb7 5. Nc3 d5 6. cxd5 Nxd5 7. e3 Be7 8. Bb5+
c6 9. Bd3 Nd7 10. e4 Nxc3 11. bxc3 O-O 12. O-O c5 13. Qe2 cxd4 14. cxd4 Nf6 15.
Rd1 Rc8 16. d5 exd5 17. e5 Nd7 18. e6 fxe6 19. Qxe6+ Kh8 20. Qh3 Nf6 21. Ng5
Qd7 22. Bf5 Qa4 23. Be3 Rc4 24. Bxh7 Rh4 25. Qe6 Qe8 26. Bc2 Bc8 27. Qe5 Ng4
28. Qg3 Rh5 29. Rxd5 Bf6 30. Rad1 Qe7 31. Nh3 Rxd5 32. Rxd5 Be5 33. f4 Bb8 34.
Rh5+ Nh6 35. Bd4 Rf6 36. Qc3 Bxh3 37. Bxf6 1-0

[Event " "]
[Site "Clichy II"]
[Date "31.??.??"]
[Round "10.8"]
[White "Satonnet, Patrick"]
[Black "Canonne, Antoine"]
[Result "1-0"]
[WhiteElo "1933"]
[BlackElo "2064"]
[PlyCount "70"]
[EventDate "31.??.??"]
[WhiteTeam "Evry Grand Roque II"]

1. e4 c5 2. f4 e6 3. Nf3 Nc6 4. Nc3 d5 5. Bb5 Nge7 6. O-O a6 7. Bxc6+ bxc6 8.
d3 Qc7 9. b3 Ng6 10. e5 Be7 11. Qe2 a5 12. g4 f5 13. exf6 Bxf6 14. Ne5 Nxe5 15.
fxe5 Qxe5 16. Qxe5 Bxe5 17. Bd2 Bd4+ 18. Kg2 Ra7 19. Rae1 Rf8 20. Ne2 Rxf1 21.
Kxf1 a4 22. Nxd4 cxd4 23. b4 h6 24. Kg2 g5 25. h4 Rg7 26. hxg5 hxg5 27. Re5 Kf7
28. Bxg5 Ba6 29. Kg3 Bc8 30. Bc1 Kf6 31. Bf4 a3 32. Rh5 Rb7 33. Bd6 e5 34. Kh4
e4 35. Rh8 Be6 1-0

[Event " "]
[Site "Clichy II"]
[Date "31.??.??"]
[Round "10.1"]
[White "Gharamian, Tigran"]
[Black "Solodovnichenko, Yuri"]
[Result "1-0"]
[WhiteElo "2471"]
[BlackElo "2580"]
[PlyCount "121"]
[EventDate "31.??.??"]
[WhiteTeam "Lille"]
[BlackTeam "Niort"]

1. e4 c5 2. Nf3 e6 3. d4 cxd4 4. Nxd4 Nf6 5. Bd3 Nc6 6. Nxc6 bxc6 7. O-O d5 8.
Nd2 Be7 9. b3 a5 10. a3 O-O 11. Bb2 Ba6 12. Bxa6 Rxa6 13. Qe2 Qb6 14. Rab1 Raa8
15. Rfd1 Qa6 16. Qf3 Rfd8 17. c4 Rab8 18. a4 h6 19. Be5 Rb7 20. cxd5 cxd5 21.
exd5 exd5 22. Nf1 Ne4 23. Ng3 Qe6 24. Nxe4 Qxe5 25. Ng3 Rb4 26. Rd3 Bc5 27. Qe2
Qe6 28. Re1 Re8 29. Kf1 Re7 30. Qd1 Rf4 31. f3 Qf6 32. Rxe7 Qxe7 33. Rxd5 Bb6
34. Qe2 Qa3 35. Qc2 g6 36. Ne4 Qa1+ 37. Qd1 Qb2 38. Qd2 Qa1+ 39. Qd1 Qb2 40.
Qd2 Qa1+ 41. Ke2 Rh4 42. h3 Rxe4+ 43. fxe4 Qg1 44. Kd3 Qb1+ 45. Kc4 Qxe4+ 46.
Kb5 Bc7 47. Kc6 Bd8 48. Kb5 Bh4 49. Qd3 Qe8+ 50. Rd7 Qb8+ 51. Kc6 Qa8+ 52. Kb5
Qb8+ 53. Kc6 Qa8+ 54. Rb7 Qc8+ 55. Rc7 Qa8+ 56. Kd7 Qxg2 57. Rc8+ Kh7 58. Ke8
h5 59. Qd7 Kh6 60. Qxf7 Qe4+ 61. Kd7 1-0

[Event " "]
[Site "Clichy II"]
[Date "31.??.??"]
[Round "10.2"]
[White "David, Vincent"]
[Black "Froeyman, Helmut"]
[Result "1-0"]
[WhiteElo "2375"]
[BlackElo "2252"]
[PlyCount "79"]
[EventDate "31.??.??"]
[WhiteTeam "Niort"]

1. d4 f5 2. g3 Nf6 3. Bg2 e6 4. Nh3 d5 5. O-O Bd6 6. b3 O-O 7. Bb2 Qe7 8. c4 c6
9. Nd2 Bd7 10. Nf4 Be8 11. Qc2 Nbd7 12. Nf3 Ne4 13. Nd3 Rd8 14. a4 a5 15. Nfe5
Ra8 16. f3 Nef6 17. Kh1 Bf7 18. Rae1 Rac8 19. Nxd7 Qxd7 20. Qd2 b6 21. c5 Bc7
22. Ne5 Qe8 23. cxb6 Bxb6 24. Ba3 c5 25. Rc1 Qe7 26. dxc5 Bxc5 27. Rxc5 Rxc5
28. Qe3 Rc3 29. Qxc3 Qxa3 30. Ra1 Qd6 31. Nc6 d4 32. Nxd4 Nd5 33. Qxa5 Nb4 34.
e3 Rc8 35. f4 h6 36. Qe5 Qa6 37. Qb5 Qd6 38. h3 Nc2 39. Rc1 Qa3 40. Qf1 1-0